Raje nielen pre turistov

Medzinárodné podnikanie umožňuje legálne minimalizovať daňové odvody. Dva spôsoby daňových únikov. Daňové raje vo svete.

Saved in:
Bibliographic Details
Main Author: Polakovič, Ivan
Format: Book Chapter
Language:Slovak
Subjects:
Tags: Add Tag
No Tags, Be the first to tag this record!

MARC

LEADER 00000naa a2200000 4500
001 r035495
005 20230919123458.4
041 0 |a slo 
044 |a SK 
245 1 0 |a Raje nielen pre turistov  |c Ivan Polakovič 
520 |a Medzinárodné podnikanie umožňuje legálne minimalizovať daňové odvody. Dva spôsoby daňových únikov. Daňové raje vo svete. 
610 2 0 |a offshore 
610 2 0 |a sadzby daňové 
610 2 0 |a únik daňový 
610 2 0 |a úľavy daňové 
610 2 0 |a podnik 
610 2 0 |a zaťaženie daňové 
610 2 0 |a podnikanie medzinárodné 
100 1 |a Polakovič, Ivan